000 00414nam a2200157Ia 4500
003 GCL
008 140319s9999 xx 000 0 eng d
040 _aGCL /
_cGCL
082 0 4 _a150
_bM P
100 1 _aMCNEMAR, QUINN
245 1 0 _aPSYCHOLOGICAL STATISTICS /
_cMCNEMAR, QUINN
260 _a[S.N] :
_bJOHN WILEY AND SONS. INC ،
_c1969
300 _a529
650 0 4 _aPSYCHOLOGICAL STATISTICS
942 _2ddc
_cBK
999 _c14892
_d14892